[Event "Titled Tuesday intern op 30th Aug Late"]
[Site "Chess.com INT"]
[Date "2022.08.30"]
[Round "8"]
[White "Arabidze, Meri"]
[Black "Oro, Luis"]
[Result "1-0"]
[WhiteElo "2426"]
[BlackElo "2255"]
[PlyCount "71"]
[EventDate "2022.08.30"]
[EventType "swiss (blitz)"]
[EventRounds "11"]
[EventCountry "USA"]
[SourceTitle "EXT 2023"]
[Source "ChessBase"]
[SourceDate "2022.10.05"]
[SourceVersion "1"]
[SourceVersionDate "2022.10.05"]
[SourceQuality "1"]

1. d4 Nf6 2. Nf3 e6 3. c4 b6 4. Nc3 Bb7 5. Bg5 d5 6. cxd5 exd5 7. e3 Be7 8. Bb5+ Nbd7 9. 0-0 0-0 10. Rc1 h6 11. Bh4 c5 12. dxc5 Nxc5 13. Nd4 Nfe4 14. Bxe7 Qxe7 15. Bc6 Nxc3 16. Rxc3 Bxc6 17. Nxc6 Qd6 18. Qxd5 Qf6 19. Nd4 Rad8 20. Qf3 Qg6 21. b4 Ne4 22. Rc6 f6 23. Qf4 Rfe8 24. h3 Rd5 25. Re6 Re5 26. Rxe8+ Rxe8 27. Rc1 Re5 28. Nf3 Re7 29. Nh4 Qe8 30. Nf5 Re5 31. Rc7 g5 32. Nxh6+ Kh8 33. Nf7+ Qxf7 34. Qxe5 Qxa2 35. Qe8+ Qg8 36. Qh5+ 1-0

[Event "Titled Tuesday intern op 30th Aug Late"]
[Site "Chess.com INT"]
[Date "2022.08.30"]
[Round "5"]
[White "Danielyan, Vahe"]
[Black "Oro, Luis"]
[Result "0-1"]
[WhiteElo "2284"]
[BlackElo "2255"]
[PlyCount "74"]
[EventDate "2022.08.30"]
[EventType "swiss (blitz)"]
[EventRounds "11"]
[EventCountry "USA"]
[SourceTitle "EXT 2023"]
[Source "ChessBase"]
[SourceDate "2022.10.05"]
[SourceVersion "1"]
[SourceVersionDate "2022.10.05"]
[SourceQuality "1"]

1. d4 Nf6 2. c4 e6 3. Nc3 Bb4 4. Bf4 0-0 5. Qb3 Bxc3+ 6. Qxc3 d5 7. e3 c5 8. dxc5 Ne4 9. Qa3 dxc4 10. Rd1 Qf6 11. Nf3 Nc6 12. Bxc4 e5 13. Bg3 Bg4 14. Be2 Nxg3 15. hxg3 e4 16. Rd6 Qf5 17. Nh4 Qg5 18. Bxg4 Qxg4 19. 0-0 g5 20. f3 Qc8 21. Qc3 gxh4 22. Qf6 Qe8 23. Rd5 Ne7 24. Re5 Qc6 25. Qxe7 Rae8 26. Qg5+ Kh8 27. Rxe8 Rxe8 28. gxh4 Rg8 29. Qf4 exf3 30. Rxf3 Rg7 31. Qd4 h6 32. Qf6 Qe4 33. Qxh6+ Kg8 34. Qf4 Qb1+ 35. Kh2 Qxb2 36. Rf2 Qc3 37. Qd4 Qc1 0-1

[Event "Titled Tuesday intern op 23rd Aug Late"]
[Site "Chess.com INT"]
[Date "2022.08.23"]
[Round "11"]
[White "Graif, William"]
[Black "Oro, Luis"]
[Result "1-0"]
[WhiteElo "2305"]
[BlackElo "2255"]
[PlyCount "37"]
[EventDate "2022.08.23"]
[EventType "swiss (blitz)"]
[EventRounds "11"]
[EventCountry "USA"]
[SourceTitle "EXT 2023"]
[Source "ChessBase"]
[SourceDate "2022.10.05"]
[SourceVersion "1"]
[SourceVersionDate "2022.10.05"]
[SourceQuality "1"]

1. d4 Nf6 2. Nc3 d5 3. e4 dxe4 4. Bg5 Nbd7 5. f3 exf3 6. Nxf3 e6 7. Bd3 Be7 8. 0-0 0-0 9. Qe1 c5 10. Qh4 cxd4 11. Nxd4 Bc5 12. Bxh7+ Kh8 13. Bd3+ Kg8 14. Rxf6 Bxd4+ 15. Kh1 g6 16. Bxg6 fxg6 17. Rxg6+ Kf7 18. Qh7+ Ke8 19. Rxe6+ 1-0

[Event "Titled Tuesday intern op 23rd Aug Late"]
[Site "Chess.com INT"]
[Date "2022.08.23"]
[Round "9"]
[White "Mikhalsky, Vladimir"]
[Black "Oro, Luis"]
[Result "0-1"]
[WhiteElo "2269"]
[BlackElo "2255"]
[PlyCount "120"]
[EventDate "2022.08.23"]
[EventType "swiss (blitz)"]
[EventRounds "11"]
[EventCountry "USA"]
[SourceTitle "EXT 2023"]
[Source "ChessBase"]
[SourceDate "2022.10.05"]
[SourceVersion "1"]
[SourceVersionDate "2022.10.05"]
[SourceQuality "1"]

1. d4 Nf6 2. c4 e6 3. g3 Be7 4. Bg2 d5 5. Nf3 0-0 6. 0-0 dxc4 7. Qa4 a6 8. Qxc4 b5 9. Qb3 Bb7 10. Nc3 Nbd7 11. a4 b4 12. Nd1 a5 13. Bf4 c5 14. Ne3 cxd4 15. Nxd4 Bxg2 16. Kxg2 Nc5 17. Qc4 Rc8 18. Nb5 Nxa4 19. Qa2 Nc5 20. Qxa5 Qd7 21. Rfd1 Qb7+ 22. f3 Nb3 23. Qa6 Qxa6 24. Rxa6 Nh5 25. Bc7 g6 26. Nc4 Nf6 27. Nb6 Rce8 28. Nd6 Bxd6 29. Bxd6 Rd8 30. Bxf8 Rxd1 31. Ra8 h5 32. Bxb4+ Kg7 33. Bc3 Nc1 34. g4 hxg4 35. fxg4 g5 36. h4 Kg6 37. h5+ Nxh5 38. gxh5+ Kxh5 39. Kf2 f5 40. Nc4 f4 41. Ne5 g4 42. Rh8+ Kg5 43. Rg8+ Kf5 44. Nxg4 Rh1 45. Nf6 Rh2+ 46. Kf1 Nxe2 47. Nd7 Ng3+ 48. Ke1 Ke4 49. Nf6+ Kf3 50. Kd1 Nf1 51. Re8 Ne3+ 52. Kc1 Rh1+ 53. Be1 Rxe1+ 54. Kd2 Rd1+ 55. Kc3 Rc1+ 56. Kd3 Rd1+ 57. Kc3 Rd6 58. b4 Ke2 59. b5 f3 60. Nh5 f2 0-1

[Event "Titled Tuesday intern op 23rd Aug Late"]
[Site "Chess.com INT"]
[Date "2022.08.23"]
[Round "10"]
[White "Oro, Luis"]
[Black "Arias, Juan Cruz"]
[Result "0-1"]
[WhiteElo "2255"]
[BlackElo "2284"]
[PlyCount "132"]
[EventDate "2022.08.23"]
[EventType "swiss (blitz)"]
[EventRounds "11"]
[EventCountry "USA"]
[SourceTitle "EXT 2023"]
[Source "ChessBase"]
[SourceDate "2022.10.05"]
[SourceVersion "1"]
[SourceVersionDate "2022.10.05"]
[SourceQuality "1"]

1. e4 e6 2. d4 d5 3. Nd2 Nf6 4. e5 Nfd7 5. c3 c5 6. Bd3 Nc6 7. Ne2 cxd4 8. cxd4 f6 9. exf6 Nxf6 10. 0-0 Bd6 11. Re1 0-0 12. Nf3 Qc7 13. Ng3 h6 14. Qe2 Ng4 15. Be3 Bd7 16. Nf1 e5 17. dxe5 Ncxe5 18. Nxe5 Nxe5 19. Rac1 Bc6 20. Bb1 Rae8 21. Qc2 g5 22. Ng3 Bb4 23. Red1 Re7 24. Nf5 Re6 25. a3 Ng4 26. g3 Nxe3 27. Nxe3 Bd6 28. Nxd5 Bxd5 29. Qxc7 Bxc7 30. Rxd5 Bb6 31. Rc2 Ref6 32. Rdd2 Kg7 33. Ba2 h5 34. Kg2 g4 35. Bd5 Rb8 36. Be4 Kh6 37. Rd7 Rbf8 38. Rdd2 R8f7 39. Bd5 Re7 40. Re2 Rd7 41. Rcd2 Rfd6 42. Re5 Bc7 43. Rf5 Rd8 44. Rc2 Bb6 45. Bxb7 Rd2 46. Rxd2 Rxd2 47. b4 Ra2 48. Be4 Rxa3 49. Rf6+ Kg7 50. Rg6+ Kf7 51. Rh6 Ra4 52. Rxh5 Rxb4 53. Bd5+ Kf6 54. h3 Rb2 55. hxg4 Rxf2+ 56. Kh3 Rf1 57. Bg2 Re1 58. Rh6+ Kg7 59. Rc6 Re3 60. g5 Bd4 61. Kh4 Be5 62. g4 Re2 63. Bh3 Rh2 64. Ra6 Bd4 65. Ra4 Bf2+ 66. Kh5 Rxh3# 0-1

[Event "Titled Tuesday intern op 23rd Aug Late"]
[Site "Chess.com INT"]
[Date "2022.08.23"]
[Round "5"]
[White "Oro, Luis"]
[Black "Claverie, Christophe"]
[Result "0-1"]
[WhiteElo "2255"]
[BlackElo "2314"]
[PlyCount "50"]
[EventDate "2022.08.23"]
[EventType "swiss (blitz)"]
[EventRounds "11"]
[EventCountry "USA"]
[SourceTitle "EXT 2023"]
[Source "ChessBase"]
[SourceDate "2022.10.05"]
[SourceVersion "1"]
[SourceVersionDate "2022.10.05"]
[SourceQuality "1"]

1. e4 c5 2. Nf3 d6 3. d4 cxd4 4. Nxd4 Nf6 5. Nc3 Nc6 6. f3 g6 7. Be3 Bg7 8. Qd2 0-0 9. 0-0-0 d5 10. Nxc6 bxc6 11. exd5 Nxd5 12. Nxd5 cxd5 13. Qxd5 Rb8 14. b3 Qc7 15. Qc5 Qb7 16. Bc4 Bf5 17. Qxa7 Qxa7 18. Bxa7 Ra8 19. Bc5 Rxa2 20. Bxe7 Rxc2+ 21. Kb1 Rxc4+ 22. Ka2 Ra8+ 23. Ba3 Rc2+ 24. Kb1 Rxg2+ 25. Kc1 Bh6+ 0-1

[Event "Titled Tuesday intern op 23rd Aug Late"]
[Site "Chess.com INT"]
[Date "2022.08.23"]
[Round "4"]
[White "Putnam, Liam H"]
[Black "Oro, Luis"]
[Result "0-1"]
[WhiteElo "2204"]
[BlackElo "2255"]
[PlyCount "74"]
[EventDate "2022.08.23"]
[EventType "swiss (blitz)"]
[EventRounds "11"]
[EventCountry "USA"]
[SourceTitle "EXT 2023"]
[Source "ChessBase"]
[SourceDate "2022.10.05"]
[SourceVersion "1"]
[SourceVersionDate "2022.10.05"]
[SourceQuality "1"]

1. d4 Nf6 2. Bf4 e6 3. Nd2 d5 4. e3 Bd6 5. Bg3 c5 6. c3 0-0 7. Ngf3 Qc7 8. dxc5 Qxc5 9. Bd3 Qc7 10. e4 Nc6 11. Qe2 e5 12. exd5 Nxd5 13. Bxh7+ Kxh7 14. Qe4+ g6 15. Qxd5 Bf5 16. Ne4 Rad8 17. 0-0 Ne7 18. Qd3 Qc6 19. Rad1 Kg7 20. Rfe1 Bc7 21. Qb1 Bxe4 22. Nxe5 Bxe5 23. Bxe5+ f6 24. Qc1 fxe5 25. Qe3 Rxd1 26. Rxd1 Nf5 27. Qg5 Rf6 28. h4 Qe6 29. Rd8 Qe7 30. Rd1 Rf7 31. Qg4 Qxh4 32. Qe2 Kg8 33. Re1 Rh7 34. Qc4+ Kg7 35. Qc7+ Kf6 36. Qd8+ Ne7 37. Qf8+ Ke6 0-1

[Event "Titled Tuesday intern op 23rd Aug Late"]
[Site "Chess.com INT"]
[Date "2022.08.23"]
[Round "1"]
[White "Tica, Sven"]
[Black "Oro, Luis"]
[Result "1-0"]
[WhiteElo "2436"]
[BlackElo "2255"]
[PlyCount "75"]
[EventDate "2022.08.23"]
[EventType "swiss (blitz)"]
[EventRounds "11"]
[EventCountry "USA"]
[SourceTitle "EXT 2023"]
[Source "ChessBase"]
[SourceDate "2022.10.05"]
[SourceVersion "1"]
[SourceVersionDate "2022.10.05"]
[SourceQuality "1"]

1. e4 c5 2. Nc3 d6 3. f4 g6 4. Nf3 Bg7 5. Bb5+ Nc6 6. 0-0 a6 7. Bxc6+ bxc6 8. d3 Nf6 9. h3 0-0 10. Be3 Nd7 11. Qd2 Bb7 12. Rae1 d5 13. d4 cxd4 14. Bxd4 dxe4 15. Bxg7 exf3 16. Bxf8 fxg2 17. Qxg2 Nxf8 18. Qf2 Ne6 19. f5 Ng5 20. Kh2 c5 21. Qg3 f6 22. h4 Nf3+ 23. Rxf3 Bxf3 24. Qxf3 Qd6+ 25. Kg2 Rd8 26. Rd1 Qc7 27. Rxd8+ Qxd8 28. Qd5+ Qxd5+ 29. Nxd5 Kf7 30. fxg6+ hxg6 31. c4 e5 32. Nc7 a5 33. Na6 Ke6 34. Nxc5+ Kf5 35. Kf3 g5 36. hxg5 fxg5 37. Ne4 g4+ 38. Ke3 1-0

[Event "Titled Tuesday intern op 16th Aug Late"]
[Site "Chess.com INT"]
[Date "2022.08.16"]
[Round "3"]
[White "Oro, Luis"]
[Black "Fernandez Hernandez, Gerardo"]
[Result "1-0"]
[WhiteElo "2255"]
[BlackElo "2169"]
[PlyCount "77"]
[EventDate "2022.08.16"]
[EventType "swiss (blitz)"]
[EventRounds "11"]
[EventCountry "USA"]
[SourceTitle "EXT 2023"]
[Source "ChessBase"]
[SourceDate "2022.10.05"]
[SourceVersion "1"]
[SourceVersionDate "2022.10.05"]
[SourceQuality "1"]

1. e4 e6 2. d4 d5 3. Nd2 Nc6 4. c3 e5 5. exd5 Qxd5 6. Ngf3 exd4 7. Bc4 Qh5 8. cxd4 Nf6 9. 0-0 Be7 10. Re1 Bg4 11. h3 Bxf3 12. Nxf3 0-0-0 13. Bf4 Nd5 14. Be5 f6 15. Bg3 Bb4 16. Re4 Rhe8 17. Qe2 Nb6 18. Be6+ Kb8 19. Bg4 Rxe4 20. Qxe4 Qe8 21. Qxh7 g5 22. Qxc7+ Ka8 23. a3 Nd5 24. Qh7 Bd6 25. Re1 Qf8 26. Bxd6 Qxd6 27. Qf7 Nf4 28. g3 Nd5 29. Re6 Qc7 30. Qxc7 Nxc7 31. Rxf6 a6 32. Nxg5 Nxd4 33. h4 Nd5 34. Rf7 Re8 35. h5 Re1+ 36. Kg2 Rc1 37. h6 Nc2 38. h7 Ne1+ 39. Kh2 1-0

[Event "Titled Tuesday intern op 09th Aug Late"]
[Site "Chess.com INT"]
[Date "2022.08.09"]
[Round "8"]
[White "Altman, Joshua"]
[Black "Oro, Luis"]
[Result "1-0"]
[WhiteElo "2156"]
[BlackElo "2255"]
[PlyCount "105"]
[EventDate "2022.08.09"]
[EventType "swiss (blitz)"]
[EventRounds "11"]
[EventCountry "USA"]
[SourceTitle "EXT 2023"]
[Source "ChessBase"]
[SourceDate "2022.10.05"]
[SourceVersion "1"]
[SourceVersionDate "2022.10.05"]
[SourceQuality "1"]

1. d4 Nf6 2. c4 e6 3. Nf3 b6 4. g3 Bb7 5. Bg2 Be7 6. 0-0 0-0 7. Nc3 Ne4 8. Bd2 Nxc3 9. Bxc3 d6 10. Qc2 Nd7 11. Ng5 Bxg5 12. Bxb7 Rb8 13. Bg2 c5 14. Rad1 cxd4 15. Bxd4 Qc7 16. b3 Bf6 17. Qd2 Rbd8 18. e4 Bxd4 19. Qxd4 Nc5 20. Rfe1 a5 21. h3 Rfe8 22. Kh2 Qe7 23. f4 e5 24. Qd5 exf4 25. gxf4 Qh4 26. Rf1 Ne6 27. Qf5 g6 28. Qg4 Qxg4 29. hxg4 Nc5 30. Rd4 Re7 31. Rfd1 Rde8 32. Rxd6 Nxe4 33. Rxb6 Nc3 34. Rd2 Re2 35. Rbd6 Nxa2 36. c5 Nb4 37. c6 Kg7 38. Rxe2 Rxe2 39. c7 Rc2 40. Rc6 Nxc6 41. c8Q Nb4 42. Qa8 Rc5 43. Qd8 Rb5 44. g5 Rf5 45. Qd4+ Kf8 46. Bh3 Rd5 47. Qh8+ Ke7 48. Qxh7 Rd4 49. f5 Rd2+ 50. Bg2 gxf5 51. g6 Nd3 52. Qxf7+ Kd6 53. g7 1-0

[Event "Titled Tuesday intern op 09th Aug Late"]
[Site "Chess.com INT"]
[Date "2022.08.09"]
[Round "7"]
[White "Danielyan, Vahe"]
[Black "Oro, Luis"]
[Result "0-1"]
[WhiteElo "2284"]
[BlackElo "2255"]
[PlyCount "86"]
[EventDate "2022.08.09"]
[EventType "swiss (blitz)"]
[EventRounds "11"]
[EventCountry "USA"]
[SourceTitle "EXT 2023"]
[Source "ChessBase"]
[SourceDate "2022.10.05"]
[SourceVersion "1"]
[SourceVersionDate "2022.10.05"]
[SourceQuality "1"]

1. e4 c5 2. Nc3 d6 3. d4 cxd4 4. Qxd4 Nc6 5. Qd2 g6 6. b3 Bg7 7. Bb2 Nf6 8. 0-0-0 0-0 9. Kb1 a6 10. f3 b5 11. Nge2 Bb7 12. h4 h5 13. g4 Ne5 14. g5 Nfd7 15. Bg2 Rc8 16. Rhf1 Qc7 17. f4 Ng4 18. f5 b4 19. Nd5 Bxd5 20. Bxg7 Kxg7 21. exd5 Nde5 22. Nd4 Qc3 23. f6+ exf6 24. gxf6+ Kh7 25. Qg5 Qe3 26. Rf4 Qc3 27. Be4 Rh8 28. Rxg4 Nxg4 29. Qxh5+ Nh6 30. Nf5 Qxf6 31. Nxh6 Kg7 32. Qg4 Kxh6 33. h5 gxh5 34. Qh3 Rcg8 35. Qe3+ Qg5 36. Qd3 Qe5 37. Bf3 Rg5 38. Qd2 Re8 39. Qxb4 Qe3 40. Qxd6+ Kh7 41. Qd7 Re7 42. Qh3 Qf4 43. Qh1 h4 0-1

[Event "Titled Tuesday intern op 09th Aug Late"]
[Site "Chess.com INT"]
[Date "2022.08.09"]
[Round "4"]
[White "Gandhi, Shyam"]
[Black "Oro, Luis"]
[Result "0-1"]
[WhiteElo "1879"]
[BlackElo "2255"]
[PlyCount "88"]
[EventDate "2022.08.09"]
[EventType "swiss (blitz)"]
[EventRounds "11"]
[EventCountry "USA"]
[SourceTitle "EXT 2023"]
[Source "ChessBase"]
[SourceDate "2022.10.05"]
[SourceVersion "1"]
[SourceVersionDate "2022.10.05"]
[SourceQuality "1"]

1. c4 e5 2. Nc3 Nf6 3. g3 Bb4 4. Bg2 0-0 5. e4 Nc6 6. Nge2 d6 7. d3 Bg4 8. h3 Bh5 9. g4 Bg6 10. Be3 Bc5 11. Bxc5 dxc5 12. Nd5 Nd4 13. Nxd4 cxd4 14. Nxf6+ Qxf6 15. 0-0 Qe7 16. Qd2 h5 17. f4 f6 18. f5 Bf7 19. Qe2 Qe8 20. Bf3 hxg4 21. hxg4 g6 22. Qh2 Kg7 23. Kf2 Rh8 24. Qg2 g5 25. Rh1 Qe7 26. Kg3 Qb4 27. Qc2 a5 28. a3 Qc5 29. Qa4 c6 30. Rxh8 Rxh8 31. b4 axb4 32. axb4 Qb6 33. Qa5 Qxa5 34. Rxa5 Rb8 35. Bd1 Kf8 36. b5 Be8 37. b6 Ke7 38. Kf2 Bf7 39. Ba4 Kd6 40. Ra7 Kc5 41. Bc2 Kxb6 42. Ra2 Rh8 43. Rb2+ Kc7 44. Ba4 Rh2+ 0-1

[Event "Titled Tuesday intern op 09th Aug Late"]
[Site "Chess.com INT"]
[Date "2022.08.09"]
[Round "9"]
[White "Oro, Luis"]
[Black "Al Tarbosh, Ward"]
[Result "1/2-1/2"]
[WhiteElo "2255"]
[BlackElo "2214"]
[PlyCount "133"]
[EventDate "2022.08.09"]
[EventType "swiss (blitz)"]
[EventRounds "11"]
[EventCountry "USA"]
[SourceTitle "EXT 2023"]
[Source "ChessBase"]
[SourceDate "2022.10.05"]
[SourceVersion "1"]
[SourceVersionDate "2022.10.05"]
[SourceQuality "1"]

1. e4 c5 2. Nf3 Nc6 3. d4 cxd4 4. Nxd4 Nf6 5. Nc3 e5 6. Ndb5 d6 7. Nd5 Nxd5 8. exd5 Ne7 9. c4 Ng6 10. Qa4 Bd7 11. Qb4 Qb8 12. Be3 a6 13. Nc3 Be7 14. Be2 0-0 15. 0-0 f5 16. f3 Qc7 17. Rac1 a5 18. Qb3 a4 19. Qb4 Qd8 20. Nb5 Ra6 21. c5 dxc5 22. Bxc5 Bxc5+ 23. Rxc5 Nf4 24. Re1 Rg6 25. Bf1 Qh4 26. Qd2 Qg5 27. Kh1 Rh6 28. Qf2 Rff6 29. g3 Nh3 30. Qe3 Qxe3 31. Rxe3 f4 32. gxf4 exf4 33. Re7 Rfg6 34. Bxh3 Bxh3 35. Rc2 Bf5 36. Rd2 Rh3 37. Rf2 Bd3 38. Nd4 h5 39. Rxb7 Rd6 40. Rb4 Rxd5 41. Kg1 Kh7 42. Rg2 Ba6 43. Kf2 Rc5 44. Ke1 Rc1+ 45. Kd2 Rh1 46. Kc3 R1xh2 47. Rxh2 Rxh2 48. Ne6 Rf2 49. Rxf4 Bb7 50. Rf7 Rxf3+ 51. Rxf3 Bxf3 52. Ng5+ Kg6 53. Nxf3 Kf5 54. Kd4 g5 55. Ke3 h4 56. Kf2 Kf4 57. b3 axb3 58. axb3 h3 59. b4 g4 60. Ne1 g3+ 61. Kf1 Ke5 62. Nf3+ Kd5 63. Ng5 h2 64. Kg2 Kc4 65. Ne4 Kxb4 66. Nxg3 Kc4 67. Kxh2 1/2-1/2

[Event "Titled Tuesday intern op 02nd Aug Early"]
[Site "Chess.com INT"]
[Date "2022.08.02"]
[Round "6"]
[White "Altman, Joshua"]
[Black "Oro, Luis"]
[Result "1-0"]
[WhiteElo "2156"]
[BlackElo "2255"]
[PlyCount "59"]
[EventDate "2022.08.02"]
[EventType "swiss (blitz)"]
[EventRounds "11"]
[EventCountry "USA"]
[SourceTitle "EXT 2023"]
[Source "ChessBase"]
[SourceDate "2022.10.05"]
[SourceVersion "1"]
[SourceVersionDate "2022.10.05"]
[SourceQuality "1"]

1. d4 Nf6 2. c4 e6 3. Nf3 d5 4. cxd5 exd5 5. Nc3 Be7 6. Bg5 0-0 7. Qc2 c6 8. e3 h6 9. Bh4 Re8 10. Bd3 Nbd7 11. 0-0 Ne4 12. Bxe7 Qxe7 13. Rae1 Ndf6 14. Ne5 Nd7 15. Nxd7 Bxd7 16. f3 Nf6 17. e4 Qb4 18. Qf2 Be6 19. e5 Nh7 20. f4 Bd7 21. a3 Qb6 22. Na4 Qa5 23. Nc5 Bc8 24. f5 b6 25. Nb3 Qa4 26. Bc2 Qb5 27. f6 g6 28. Qh4 h5 29. Bxg6 Be6 30. Bxh7+ 1-0

[Event "Titled Tuesday intern op 02nd Aug Early"]
[Site "Chess.com INT"]
[Date "2022.08.02"]
[Round "9"]
[White "Shuvalov, Evgenij"]
[Black "Oro, Luis"]
[Result "1-0"]
[WhiteElo "2149"]
[BlackElo "2255"]
[PlyCount "101"]
[EventDate "2022.08.02"]
[EventType "swiss (blitz)"]
[EventRounds "11"]
[EventCountry "USA"]
[SourceTitle "EXT 2023"]
[Source "ChessBase"]
[SourceDate "2022.10.05"]
[SourceVersion "1"]
[SourceVersionDate "2022.10.05"]
[SourceQuality "1"]

1. Nf3 Nf6 2. c4 e6 3. g3 d5 4. Bg2 Be7 5. 0-0 0-0 6. b3 c5 7. e3 Nc6 8. Bb2 d4 9. exd4 cxd4 10. Re1 Qb6 11. d3 Rd8 12. Ba3 Bxa3 13. Nxa3 a6 14. Nc2 Qc7 15. b4 Qb6 16. Rb1 a5 17. b5 Ne7 18. Qc1 Ng6 19. Qb2 a4 20. Ncxd4 e5 21. Nc2 Bf5 22. Nb4 e4 23. dxe4 Bxe4 24. Rbd1 a3 25. Qc3 Rxd1 26. Rxd1 Re8 27. Qxa3 Ng4 28. Rf1 Qc5 29. Qc3 Bxf3 30. Bxf3 h5 31. Nd5 N6e5 32. Be2 h4 33. Kg2 hxg3 34. hxg3 Nh6 35. Qe3 Qc8 36. Qd4 Nf5 37. Qf4 Ng6 38. Qd2 Qc5 39. Bd3 Nd4 40. Bxg6 fxg6 41. Qd3 Nf5 42. Rc1 Re5 43. Nf4 g5 44. Nd5 Qd4 45. Qxd4 Nxd4 46. Ne3 Ne6 47. Rd1 Rc5 48. Rd7 b6 49. Rd6 Nf8 50. Rxb6 Rc8 51. a4 1-0

[Event "Titled Tuesday intern op 26th Jul Late"]
[Site "Chess.com INT"]
[Date "2022.07.26"]
[Round "4"]
[White "Hartikainen, Jarmo"]
[Black "Oro, Luis"]
[Result "0-1"]
[WhiteElo "2133"]
[BlackElo "2255"]
[PlyCount "56"]
[EventDate "2022.07.26"]
[EventType "swiss (blitz)"]
[EventRounds "11"]
[EventCountry "USA"]
[SourceTitle "EXT 2023"]
[Source "ChessBase"]
[SourceDate "2022.10.05"]
[SourceVersion "1"]
[SourceVersionDate "2022.10.05"]
[SourceQuality "1"]

1. e4 c5 2. c3 Nf6 3. e5 Nd5 4. d4 cxd4 5. cxd4 d6 6. Nf3 Nc6 7. Nc3 Nb6 8. Bb5 Bd7 9. 0-0 e6 10. Ne4 d5 11. Bg5 Qc7 12. Nc3 h6 13. Bf4 Be7 14. Rc1 a6 15. Bd3 g5 16. Bg3 h5 17. h4 g4 18. Nd2 Qd8 19. Nb3 Bxh4 20. Nc5 Bc8 21. Qb3 Nxd4 22. Bxh4 Qxh4 23. Qxb6 Nf3+ 24. gxf3 gxf3 25. N5e4 Rg8+ 26. Ng3 Rxg3+ 27. fxg3 Qxg3+ 28. Kh1 Qg2# 0-1

[Event "Titled Tuesday intern op 26th Jul Late"]
[Site "Chess.com INT"]
[Date "2022.07.26"]
[Round "5"]
[White "Oro, Luis"]
[Black "Tarnowska, Aleksandra"]
[Result "1-0"]
[WhiteElo "2255"]
[BlackElo "1876"]
[PlyCount "57"]
[EventDate "2022.07.26"]
[EventType "swiss (blitz)"]
[EventRounds "11"]
[EventCountry "USA"]
[SourceTitle "EXT 2023"]
[Source "ChessBase"]
[SourceDate "2022.10.05"]
[SourceVersion "1"]
[SourceVersionDate "2022.10.05"]
[SourceQuality "1"]

1. e4 c5 2. Nf3 e6 3. d4 cxd4 4. Nxd4 a6 5. c4 Nf6 6. Nc3 Bb4 7. e5 Qa5 8. exf6 Bxc3+ 9. bxc3 Qxc3+ 10. Bd2 Qxd4 11. fxg7 Qxg7 12. g3 Nc6 13. Bg2 0-0 14. 0-0 f5 15. Qc1 Qg6 16. Kh1 d6 17. Bc3 e5 18. Rd1 f4 19. gxf4 Rxf4 20. Bd5+ Kf8 21. Rg1 Rg4 22. Qe3 Ke7 23. Rxg4 Bxg4 24. Rg1 Qf5 25. f3 Bh3 26. Qh6 Rf8 27. Rg7+ Kd8 28. Qxd6+ Kc8 29. Qc7# 1-0

[Event "Titled Tuesday intern op 05th Jul Late"]
[Site "Chess.com INT"]
[Date "2022.07.05"]
[Round "9"]
[White "Baches Garcia, Guillermo"]
[Black "Oro, Luis"]
[Result "1-0"]
[WhiteElo "2326"]
[BlackElo "2255"]
[PlyCount "51"]
[EventDate "2022.07.05"]
[EventType "swiss (blitz)"]
[EventRounds "11"]
[EventCountry "USA"]
[SourceTitle "CBM 209 Extra"]
[Source "ChessBase"]
[SourceDate "2022.09.30"]
[SourceVersion "1"]
[SourceVersionDate "2022.09.30"]
[SourceQuality "1"]

1. e4 e5 2. Nf3 Nc6 3. Bc4 Bc5 4. c3 Nf6 5. d4 exd4 6. cxd4 Bb4+ 7. Nbd2 Nxe4 8. d5 Nxd2 9. Bxd2 Bxd2+ 10. Qxd2 Ne7 11. 0-0-0 d6 12. h4 0-0 13. h5 Bg4 14. h6 g6 15. Qd4 Nf5 16. Qxg4 Qf6 17. Bd3 Ne7 18. Bc2 c6 19. dxc6 bxc6 20. Qd4 Qxd4 21. Nxd4 d5 22. Rhe1 Rfe8 23. Ba4 Rac8 24. Kd2 Kf8 25. Rc1 Rb8 26. b3 1-0

[Event "Titled Tuesday intern op 05th Jul Late"]
[Site "Chess.com INT"]
[Date "2022.07.05"]
[Round "8"]
[White "Oro, Luis"]
[Black "Thiel, Thomas"]
[Result "1-0"]
[WhiteElo "2255"]
[BlackElo "2265"]
[PlyCount "53"]
[EventDate "2022.07.05"]
[EventType "swiss (blitz)"]
[EventRounds "11"]
[EventCountry "USA"]
[SourceTitle "CBM 209 Extra"]
[Source "ChessBase"]
[SourceDate "2022.09.30"]
[SourceVersion "1"]
[SourceVersionDate "2022.09.30"]
[SourceQuality "1"]

1. e4 d5 2. exd5 Nf6 3. d4 Nxd5 4. c4 Nb6 5. Nc3 e5 6. dxe5 Qxd1+ 7. Nxd1 Nc6 8. Nf3 Bg4 9. Bf4 Bb4+ 10. Nc3 0-0-0 11. Be2 Rhe8 12. 0-0 Bxf3 13. Bxf3 Nxe5 14. Bxe5 Rxe5 15. Nd5 Nxd5 16. Bxd5 Re2 17. a3 Bc5 18. b4 Bd4 19. Rad1 Bb2 20. Bxb7+ Kxb7 21. Rxd8 Bxa3 22. b5 Bc5 23. Rd7 Be7 24. g3 Kb6 25. Ra1 g6 26. Ra6+ Kb7 27. Rc6 1-0

[Event "Titled Tuesday intern op 21st Jun Late"]
[Site "Chess.com INT"]
[Date "2022.06.21"]
[Round "2"]
[White "Adewumi, Tanitoluwa"]
[Black "Oro, Luis"]
[Result "0-1"]
[WhiteElo "2305"]
[BlackElo "2255"]
[PlyCount "66"]
[EventDate "2022.06.21"]
[EventType "swiss (blitz)"]
[EventRounds "11"]
[EventCountry "USA"]
[SourceTitle "EXT 2023"]
[Source "ChessBase"]
[SourceDate "2022.10.05"]
[SourceVersion "1"]
[SourceVersionDate "2022.10.05"]
[SourceQuality "1"]

1. e4 e5 2. Nf3 Nc6 3. Bc4 Bc5 4. d3 Nf6 5. 0-0 h6 6. Re1 0-0 7. c3 d6 8. h3 a6 9. a4 Be6 10. Bxe6 fxe6 11. b4 Bb6 12. Be3 Bxe3 13. Rxe3 Re8 14. Nbd2 d5 15. Qc2 d4 16. Ree1 Nh5 17. b5 dxc3 18. Qxc3 Nd4 19. bxa6 Rxa6 20. Nxe5 Nf4 21. Kh1 Qg5 22. Ng4 e5 23. Qxc7 Rc6 24. Qd7 Rd8 25. Qxb7 Nxd3 26. Re3 Nxf2+ 27. Kg1 Nxg4 28. Rg3 Qxd2 29. Rxg4 Rc1+ 30. Rxc1 Qxc1+ 31. Kh2 Ne6 32. Qe7 Qc6 33. Rg6 Re8 0-1